000 00390 a2200169 4500
001 70859
020 _a9788537700570
040 _cAnchieta - Itaigara
100 _aCláudio, Maria Aparecida
240 1 0 _aMinha gramática escolar
_lpor
245 1 0 _aMinha gramática escolar
300 _a240
362 0 _a2007
440 1 _aEscala Educacional
650 4 _aPortuguês
942 _cBK
999 _c70859
_d70859